000 00643nam a2200205 i 4500
001 47857
003 ES-MaACL
005 20230906161639.0
007 t|
008 030616s1934 fr ||||1| fre d
100 1 _aCriticus.
_941650
245 1 3 _aLe style au microscope /
_cCriticus.
260 _aParis :
_bNouvelle Revue Critique,
_c1934.
300 _a222 p. ;
_c19 cm.
490 1 _aEssais critiques artistiques, philosophiques, littéraires ;
_v43
650 0 4 _aEstilística.
_912551
830 0 _aEssais critiques artistiques, philosophiques, littéraires ;
_v43
_9230051
852 _aES-MaACL
_jA-2422
999 _c47857
_d47857